Suomen pääministerit - kuvavisa - Statistics

Yleistilastot
  • Tätä visaa on pelattu 131 kertaa
  • Keskiarvotulos 29 / 68
Vastaustilastot
Kuvavisa Hint Vastaus % Oikein
KOK | 2014-2015 Alexander Stubb
91%
KOK | 2023- Petteri Orpo
91%
SDP | 2019-2023 Sanna Marin
90%
KESK | 2003-2010 Matti Vanhanen (I & II)
88%
ML | 1950-1953 Urho Kekkonen (I - IV)
88%
ML | 1954-1956 Urho Kekkonen (V)
86%
KESK | 2015-2019 Juha Sipilä
85%
KESK | 2003 Anneli Jäätteenmäki
83%
SDP | 2019 Antti Rinne
83%
KOK | 2011-2014 Jyrki Katainen
81%
SDP | 1995-2003 Paavo Lipponen (I & II)
81%
SDP | 1968-1970 Mauno Koivisto (I)
79%
SDP | 1979-1982 Mauno Koivisto (II)
79%
KESK | 1991-1995 Esko Aho
78%
ML | 1922-1924 Kyösti Kallio (I)
78%
ML | 1925-1926 Kyösti Kallio (II)
76%
ML | 1929-1930 Kyösti Kallio (III)
76%
SP | 1918 J. K. Paasikivi (I)
73%
ED | 1939-1940 Risto Ryti (I & II)
72%
ML | 1936-1937 Kyösti Kallio (IV)
69%
KESK | 2010-2011 Mari Kiviniemi
68%
NSP | 1917-1918 P. E. Svinhufvud (I)
68%
(kok) | 1944-1946 J. K. Paasikivi (II & III)
65%
SDP | 1982-1987 Kalevi Sorsa (III & IV)
62%
SDP | 1977-1979 Kalevi Sorsa (II)
61%
SDP | 1972-1975 Kalevi Sorsa (I)
60%
KOK | 1987-1991 Harri Holkeri
57%
KOK | 1930-1931 P. E. Svinhufvud (II)
53%
ML/KESK | 1964-1966 Johannes Virolainen
50%
KESK | 1970-1971 Ahti Karjalainen (II)
38%
ML | 1962-1963 Ahti Karjalainen (I)
37%
SDP | 1972 Rafael Paasio (II)
37%
SDP | 1966-1968 Rafael Paasio (I)
36%
KESK | 1975-1977 Martti Miettunen (II & III)
30%
SDP | 1926-1927 Väinö Tanner
29%
ML | 1961-1962 Martti Miettunen (I)
27%
SDP | 1948-1950 K.-A. Fagerholm (I)
25%
SDP | 1956-1957 K.-A. Fagerholm (II)
25%
SDP | 1958-1959 K.-A. Fagerholm (III)
25%
(kok) | 1922 A. K. Cajander (I)
21%
(kok) | 1924 A. K. Cajander (II)
21%
(lkp) | 1970 Teuvo Aura (I)
21%
(lkp) | 1971-1972 Teuvo Aura (II)
20%
ML | 1959-1961 V. J. Sukselainen (II)
20%
KOK | 1943-1944 Edwin Linkomies
19%
1975 Keijo Liinamaa
19%
ML | 1957 V. J. Sukselainen (I)
19%
ED | 1937-1939 A. K. Cajander (III)
18%
ED | 1941-1943 Jukka Rangell
18%
KOK | 1918-1919 Lauri Ingman (I)
17%
(kok) | 1944 Antti Hackzell
15%
KOK | 1924-1925 Lauri Ingman (II)
15%
SKDL | 1946-1948 Mauno Pekkala
14%
VL | 1953-1954 Sakari Tuomioja
12%
ED | 1932-1936 Toivo Kivimäki
12%
KOK | 1925 Antti Tulenheimo
11%
ED | 1919 Kaarlo Castrén
11%
ML | 1931-1932 Juho Sunila (II)
10%
KOK | 1920-1921 Rafael Erich
10%
ML | 1927-1928 Juho Sunila (I)
9%
1957-1958 Rainer von Fieandt
9%
RKP | 1954 Ralf Törngren
9%
1958 Reino Kuuskoski
9%
KOK | 1944 Urho Castrén
9%
ED | 1921-1922 J. H. Vennola (II)
8%
1963-1964 Reino R. Lehto
8%
ED | 1919-1920 J. H. Vennola (I)
7%
ED | 1928-1929 Oskari Mantere
7%
Ehtoja vastaavia visoja ei löytynyt
Tulosjakauma
Jokaisen tuloksen saaneiden osuus
Persentiili vastausten määrän mukaan
Tuloshistoriasi
Et ole pelannut tätä visaa